000 00740nam a2200265Ia 4500
003 OSt
005 20220926013602.0
006 a|||||r|||| 00| 0
007 ta
008 220923b |||||||| |||| 00| 0 eng d
037 _cGeneral Book
040 _aRTL
_cRTL
_beng
041 _2eng
_aeng
082 _aB28, M6
100 _aLinhart H
_9318654
245 0 _aModel selection
260 _aNew York
_bJohn Wiley
_c1986
300 _axii, 301p
_ccm.
490 _aWiley series in probability and mathemaical statistics
500 _aBibliography : p283-289
650 _aStatistics
_935791
700 _a Zucchini W
_9318655
942 _hB28, M6
_cGB
_2CC
999 _c626356
_d626356